000 00534nam a2200181Ia 4500
005 20250508163306.0
008 008 250505s9999 xx 000 0 eng d
037 _aTextual
040 _aFEDL
_beng
_cFEDL
041 _aeng
_2eng
084 _a512.07, CHA
_qFEDL
100 _aChauhan C P S
_9606398
245 0 _aAchievement in algebra and structure of intellect
260 _aVaranasi, India
_bVishwavidyalaya Prakashan
_c1985
300 _avii,127p.
942 _cTEXL
_h512.07, CHA
999 _c1382094
_d1382094